| 000 | 00659nam a2200205Ia 4500 | ||
|---|---|---|---|
| 003 | IN-BaIIA | ||
| 008 | 211028s9999 xx 000 0 eng d | ||
| 020 | _a0-12-003837-4 | ||
| 040 | _cIIA Library | ||
| 080 |
_a047.1:539.18 _bADV-37 |
||
| 100 |
_aBederson, B. _920064 |
||
| 245 | 0 |
_aAdvances in atomic, molecular, and optical physics _bvol. 37 _cB. Bederson and H. Walther |
|
| 260 |
_aSan Diego _bAcademic Press _c1996 |
||
| 300 | _aviii, 388p. | ||
| 650 |
_aAtomic Physics _91547 |
||
| 650 |
_aMolecular physics _91914 |
||
| 650 |
_aOptical physics _97479 |
||
| 700 |
_aWalther, H. _920065 |
||
| 942 | _cBK | ||
| 999 |
_c11975 _d11975 |
||